Sports Quiz

Random Sports or Basketball Quiz

NBA Top 10 Players Bleacher Report Quiz Stats

 Plays Quiz not verified by Sporcle

Score 0/10 Timer 04:00
0 Plays Today
% Correct
Michael Jordan
96.4%
Tim Duncan
95%
Larry Bird
93.7%
Shaquille O'neal
92.8%
Kobe Bryant
92.8%
Magic Johnson
90.9%
Hakeem Olajuwon
87.9%
Wilt Chamberlain
87.6%
Bill Russell
82.1%
Kareem Abdul- Jabbar
55.1%

You're not logged in!

Compare scores with friends on all Sporcle quizzes.
OR
Log In

Sporcle TV

Today on Sporcle TV


Watch our educational content, quiz creation guides, and fun videos on Sporcle TV.

Show Comments

Extras

Top Quizzes Today


Score Distribution

Your Account Isn't Verified!

In order to create a playlist on Sporcle, you need to verify the email address you used during registration. Go to your Sporcle Settings to finish the process.

Report this User

Report this user for behavior that violates our Community Guidelines.

Details: